| 000 | 00561cas a2200157 4500 | ||
|---|---|---|---|
| 008 | 120413n eng u | ||
| 022 | _a1300-8641 | ||
| 035 | _a(Sirsi) a175893 | ||
| 050 | _aJZ 6.5 | ||
| 245 | _aPerceptions : Journal of International Affairs | ||
| 260 |
_aAnkara _b Centre for Strategic Research _c 2011 |
||
| 310 | _aQuarterly | ||
| 362 | _aVol. 26, No. 2, 2011 | ||
| 520 | _aThe content of the journal ranges from security and democracy to conflict resolution and international challenges and opportunities. | ||
| 650 | _aConflict Resolution | ||
| 999 |
_c9355 _d9355 |
||